000
00328nam a22001337a 4500
008
170424b xxu||||| |||| 00| 0 eng d
020
_a
9780471059066
041
_a
eng
080
_2
9TH
_a
54
100
_a
12
101
_a
SHM
245
_a
ELEMENTS OF GENERAL, ORGANIC, AND BIOLOGICAL CHEMISTRY
_c
HOLUM, J.R
942
_2
udc
_c
BK
999
_c
11609
_d
11609